Privacy and the press / (Record no. 58203)
[ view plain ]
| 000 -LEADER | |
|---|---|
| fixed length control field | 01072cam a2200241 a 4500 |
| 001 - CONTROL NUMBER | |
| control field | vtls003041979 |
| 003 - CONTROL NUMBER IDENTIFIER | |
| control field | MY-SjTCS |
| 005 - DATE AND TIME OF LATEST TRANSACTION | |
| control field | 20200306165834.0 |
| 008 - FIXED-LENGTH DATA ELEMENTS--GENERAL INFORMATION | |
| fixed length control field | 110218s2005 enka b 001 0 eng d |
| 020 ## - INTERNATIONAL STANDARD BOOK NUMBER | |
| International Standard Book Number | 019928847X (pbk.) |
| 039 #9 - LEVEL OF BIBLIOGRAPHIC CONTROL AND CODING DETAIL [OBSOLETE] | |
| Level of rules in bibliographic description | 201102181308 |
| Level of effort used to assign nonsubject heading access points | VLOAD |
| Level of effort used to assign subject headings | 200702211039 |
| Level of effort used to assign classification | pushpa |
| Level of effort used to assign subject headings | 200702131519 |
| Level of effort used to assign classification | malathy |
| -- | 200702131518 |
| -- | malathy |
| 082 04 - DEWEY DECIMAL CLASSIFICATION NUMBER | |
| Classification number | 342.410858 |
| Item number | ROZ |
| 100 1# - MAIN ENTRY--PERSONAL NAME | |
| Personal name | Rozenberg, Joshua. |
| 9 (RLIN) | 273991 |
| 245 10 - TITLE STATEMENT | |
| Title | Privacy and the press / |
| Statement of responsibility, etc. | Joshua Rozenberg. |
| 260 ## - PUBLICATION, DISTRIBUTION, ETC. | |
| Place of publication, distribution, etc. | Oxford : |
| Name of publisher, distributor, etc. | Oxford University Press, |
| Date of publication, distribution, etc. | 2005. |
| 300 ## - PHYSICAL DESCRIPTION | |
| Extent | xxv, 274 p. ; |
| Dimensions | 24 cm. |
| 500 ## - GENERAL NOTE | |
| General note | First published: Oxford : Oxford University Press, 2004. Re-issued with new preface: 2005 |
| 504 ## - BIBLIOGRAPHY, ETC. NOTE | |
| Bibliography, etc. note | Includes bibliographical references and index. |
| 505 0# - FORMATTED CONTENTS NOTE | |
| Formatted contents note | 1. Confidence or privacy? - 2. Hello! OK? - 3. Free speech -- 4. Respecting private life -- 5. Regulating the press -- 6. A chilling effect -- 7. Responsible journalism -- 8. Looking to the future. |
| 650 #0 - SUBJECT ADDED ENTRY--TOPICAL TERM | |
| Topical term or geographic name entry element | Privacy, Right of |
| Geographic subdivision | Great Britain. |
| 9 (RLIN) | 273992 |
| 650 #0 - SUBJECT ADDED ENTRY--TOPICAL TERM | |
| Topical term or geographic name entry element | Press law |
| Geographic subdivision | Great Britain. |
| 9 (RLIN) | 273993 |
| 920 ## - Programme | |
| Programme | MCS : 203197 |
| Withdrawn status | Lost status | Source of classification or shelving scheme | Damaged status | Not for loan | Home library | Current library | Date acquired | Total Checkouts | Barcode | Date last seen | Date last checked out | Copy number | Uniform Resource Identifier | Koha item type | Public note |
|---|---|---|---|---|---|---|---|---|---|---|---|---|---|---|---|
| Dewey Decimal Classification | Taylor's Library-TU | Taylor's Library-TU | 13/02/2007 | 10 | 5000027781 | 05/12/2019 | 28/10/2015 | 1 | Floor 3, Shelf 7 , Side 2, TierNo 4, BayNo 5 | Main Collection | SOMAC,37002,03,GR |